Drahokam ako investičná príležitosť bakalárska práca

Enregistré dans:
Détails bibliographiques
Auteur principal: Papánová, Petra
Collectivité auteur: Národohospodárska fakulta EU. Katedra bankovníctva a medzinárodných financií
Autres auteurs: Košťálová, Zuzana
Format: Livre
Langue:slovaque
Publié: Bratislava 2018
Tags: Ajouter un tag
Pas de tags, Soyez le premier à ajouter un tag!

MARC

LEADER 00000nbm a2200000 4500
001 0245873
005 20181214122646.4
041 0 |a slo 
044 |a SK 
245 1 0 |a Drahokam ako investičná príležitosť  |b bakalárska práca  |c Petra Papánová ; školiteľ: Zuzana Košťálová 
264 1 |a Bratislava  |c 2018 
300 |a 45 s. 
100 1 |a Papánová, Petra 
700 1 |a Košťálová, Zuzana 
710 2 |a Národohospodárska fakulta EU. Katedra bankovníctva a medzinárodných financií